| 000 | 00714cam a22001814a 4500 | ||
|---|---|---|---|
| 005 | 20250605164147.0 | ||
| 008 | 250528s ||||||||||||||||||||||||d | ||
| 035 | _a19244 | ||
| 040 |
_aGR-AtMCL _bgre _dGR-AtMCL _eAACR2 |
||
| 245 | 1 | _aThe Handbook of Architectural Practice | |
| 260 | _c1953 | ||
| 300 | _a256 | ||
| 520 | _aRegistration of Architects, The Architect and the Owner, The Office, Surveys and Preliminary Studies and Estimates and Working Drawings and Specifications, The Letting of Contracts, The Execution of the Work, The Architect and the Law, Office Records of Completed Work. | ||
| 710 | 2 |
_aThe American Institute Of Architects _99769 |
|
| 942 | _cBK | ||
| 999 |
_c4510 _d4510 |
||